Pairs #20 (TV Edition) - Statistics

General Stats
  • This quiz has been taken 220 times
    119 since last reset
  • The average score is 16 of 25
Answer Stats
Hint Extra Hint Explanation Answer % Correct
Homer characters Homer and Marge Simpson. The head of The Simpsons family and his wife in the satirical US animated sitcom (1989-present). Marge Simpson
95%
Chandler characters Chandler and Monica. Chandler Bing and Monica Geller, Friends (played by Matthew Perry and Courteney Cox) who eventually marry in the US sitcom (1994-2004). Monica
93%
Mary-Kate duo Mary-Kate and Ashley. The Olsen twins who, as children, shared the role of Michelle Tanner on the US sitcom Full House (1987-1995). Ashley
92%
Wallace title Wallace and Gromit. A British stop-motion animated comedy franchise involving films and television adaptations. Gromit
90%
Gomez characters Gomez and Morticia Addams. The head of The Addams Family (1964-1966) and his wife (played by John Astin and Carolyn Jones) in the macabre US sitcom based on Charles Addams’s cartoons in New Yorker. Morticia Addams
83%
Penn duo Penn & Teller. Penn Jillette and Teller, US magicians, entertainers, and scientific skeptics who have performed together since the late 1970s. They made guest appearances on many TV series and starred in several of their own, along with specials. Teller
78%
Land title Land and Sea. A Canadian documentary TV show (1964-present). Sea
77%
Cagney title Cagney & Lacey. A US police procedural television series that aired on the CBS television network (1982-1988), and that starred Sharon Gless and Tyne Daly for most of its run. Lacey
75%
Mork title Mork & Mindy. ABC sitcom (1978-1982), starring Robin Williams and Pam Dawber, one of several spin-offs from Happy Days. Mindy
75%
Pam characters Pam and Jim. The "will-they-won't-they" couple played by Jenna Fischer and John Krasinski in the US version of the mockumentary sitcom The Office (2005-2013). Jim
72%
Barney characters Barney and Betty Rubble. Friends and neighbors of The Flintstones, a “bedrock” prime time US animated sitcom (1960-1966). Betty Rubble
68%
Al characters Al and Peg Bundy. A couple (played by Ed O'Neill and Katey Sagal) who were Married… with Children (1987-1997) in the US sitcom. Peg Bundy
62%
Dharma title Dharma & Greg. A US sitcom (1997-2002) starring Jenna Elfman and Thomas Gibson. Greg
58%
Jeeves title Jeeves & Wooster. A British TV series (1990-1993) based on P. G. Wodehouse's "Jeeves" stories, and starring Hugh Laurie and Stephen Fry. Wooster
55%
Sam characters Sam and Diane. Sam Malone and Diane Chambers, the on-again, off-again couple from the US sitcom Cheers (1982-1993), played by Ted Danson and Shelley Long. Diane
50%
Davey title Davey and Goliath. A Christian clay-animated children's television series (1961-2004). Goliath
48%
Nanny title Nanny and the Professor. A US sitcom (1970-1971) starring Juliet Mills and David Long. the Professor
48%
The Ghost title The Ghost & Mrs. Muir. A US sitcom (1968-1970) starring Edward Mulhare and Hope Lange, based on the 1947 film of the same name. Mrs. Muir
47%
Amos characters Amos ‘n’ Andy. The main characters in The Amos ‘n’ Andy Show (1951-1953), starring Alvin Childress and Spencer Williams. The show began as a radio show (1943-1955). Andy
43%
Felix characters Felix and Oscar. Felix Unger and Oscar Madison, the main characters in The Odd Couple, a US sitcom (1970-1975) starring Tony Randall and Jack Klugman; and a US sitcom (2015-2017) starring Thomas Lennon and Matthew Perry. Oscar
43%
Dalziel title Dalziel and Pascoe. A British TV crime drama (1996-2007) based on a series of mystery novels by Reginald Hill. The show starred Warren Clarke and Colin Buchanan. Pascoe
43%
Fred characters Fred and Ethel. The Mertzes, landlords and best friends of the Ricardos in the US sitcom I Love Lucy (1951-1957). Fred and Ethel Mertz were played by William Frawley and Vivian Vance. Ethel
42%
Ozzie characters Ozzie and Harriet. The real-life Nelsons, who starred in the sitcom The Adventures of Ozzie and Harriet (1952-1966) with their real-life sons, David and Ricky. Harriet
42%
Ralph characters Ralph and Alice Kramden. The principal characters (played by Jackie Gleason and, mostly, Audrey Meadows) in US sitcom The Honeymooners (1955-1956). Alice Kramden
37%
Kate title Kate & Allie. A US sitcom (1984-1989) starring Susan Saint James and Jane Curtin. Allie
33%
No matching quizzes found
Score Distribution
Percent of People with Each Score
Percentile by Number Answered
Your Score History
You have not taken this quiz since the last reset